00470nam a2200181 a 4500001001300000003000900013005001700022008004100039020001000080082002000090245002300110260004200133300000900175500003500184505002700219650001500246710002700261nice12345678IN_TiNIC20260116011309.0050524s1946 laha grp 000 0 urd  ac10000a225.591439bBIB aInjeel-E-Muqaddas. aLahorebBible Society of India c1946 a462p aincludes index and biblioraphy2 a3 vols. bound together aBible-Urdu2 aBible Society of India